Belmonte the matador / (Record no. 28484)

MARC details
000 -LEADER
campo de control de longitud fija 00670nam a2200193 i 4500
001 - NÚMERO DE CONTROL
campo de control 28484
003 - IDENTIFICADOR DE NÚMERO DE CONTROL
campo de control ES-MaACL
005 - FECHA Y HORA DE LA ÚLTIMA TRANSACCIÓN
campo de control 20250814215807.0
007 - CAMPO FIJO DE DESCRIPCIÓN FÍSICA--INFORMACIÓN GENERAL
campo de control de longitud fija t|
008 - DATOS DE LONGITUD FIJA--INFORMACIÓN GENERAL
campo de control de longitud fija 030117s1934 xxk ||||1| spa d
100 1# - ENTRADA PRINCIPAL--NOMBRE DE PERSONA
Nombre de persona Baerlein, Henry.
9 (RLIN) 24601
245 10 - MENCIÓN DEL TÍTULO
Título Belmonte the matador /
Mención de responsabilidad, etc. by Henry Baerlein ; illustrated with drawings by Roberto Domingo and photographs.
260 ## - PUBLICACIÓN, DISTRIBUCIÓN, ETC.
Lugar de publicación, distribución, etc. London :
Nombre del editor, distribuidor, etc. [Thornton Butterworth],
Fecha de publicación, distribución, etc. 1934 (
Fabricante The Chapel River Press Andover Hants)
300 ## - DESCRIPCIÓN FÍSICA
Extensión 311 p. :
Otras características físicas retr.il. ;
Dimensiones 23 cm.
600 14 - PUNTO DE ACCESO ADICIONAL DE MATERIA--NOMBRE DE PERSONA
Nombre de persona Belmonte, Juan (
Fechas asociadas al nombre 1892-1962)
9 (RLIN) 147284
700 0# - ENTRADA AGREGADA--NOMBRE PERSONAL
Nombre de persona Domingo, Roberto,
Fechas asociadas al nombre 1883-1956
9 (RLIN) 45124
852 ## - LOCALIZACIÓN
Ubicación ES-MaACL
Número de control de estantería A-2510
Holdings
Estatus retirado Estado de pérdida Estado de daño No para préstamo Biblioteca de origen Biblioteca actual Ubicación en estantería Fecha de adquisición Fuente de adquisición Total de préstamos Signatura topográfica completa Código de barras Visto por última vez Precio de reemplazo Tipo de ítem Koha
        Biblioteca del Ateneo de Madrid Biblioteca del Ateneo de Madrid Sala Pecera Planta 1 17/01/2008     A-2510 1029405 23/02/2023 23/02/2023 Libro impreso